Top 10 des pays les plus petit au monde - Statistiques

Statistiques générales
  • Ce quiz a été pris 148 fois
  • Le résultat moyen est 6 sur 10
Statistiques - réponses
Rang Pays % Correct
1- Vatican
95%
2- Monaco
87%
5- Saint-Marin
82%
6- Liechtenstein
73%
3- Nauru
56%
4- Tuvalu
51%
8- Saint-Christophe-et-Niévès
46%
10- Malte
40%
7- Marshall
32%
9- Maldives
30%
Aucun quiz correspondant
Distribution des résultats
% des personnes avec chaque résultat
Percentile par nombre de réponses
Votre historique - résultats
Vous n’avez pas pris ce quiz